| 000 | 03282cam a22003734a 4500 | ||
|---|---|---|---|
| 001 | 5542405 | ||
| 003 | ARRUPE | ||
| 005 | 20141017143842.0 | ||
| 008 | 051226s2006 mnu b 001 0 eng | ||
| 010 | _a 2005015206 | ||
| 015 |
_aGBA575567 _2bnb |
||
| 016 | 7 |
_a013287862 _2Uk |
|
| 020 | _a0800637674 (alk. paper) | ||
| 035 | _a(OCoLC)ocm60596115 | ||
| 035 | _a(NNC)5542405 | ||
| 040 |
_aDLC _cDLC _dYDX _dUKM _dBAKER _dMUQ _dOrLoB-B |
||
| 042 | _apcc | ||
| 050 | 0 | 0 |
_aBS1182.6 _b.A53 2006 |
| 082 | 0 | 0 |
_a221.6/7 _222 |
| 245 | 0 | 0 |
_aAncient Israel : _bthe Old Testament in its social context / _cedited by Philip F. Esler. |
| 260 |
_aMinneapolis : _bFortress Press, _cc2006. |
||
| 300 |
_axvii, 420 p. ; _c24 cm. |
||
| 504 | _aIncludes bibliographical references (p. 353-405) and index. | ||
| 505 | 0 | 0 |
_g1. _tSocial-scientific models in biblical interpretation / _rPhilip F. Esler -- _g2. _tSocial-scientific analysis of the Old Testament : a brief history and overview / _rPhilip F. Esler and Anselm C. Hagedorn -- _g3. _tTribalism - social organization in the biblical Israels / _rRobert B. Coote -- _g4. _tPolygyny - insights from rural Haiti / _rCarolyn S. Leeb -- _g5. _tSacrifice - the ritual for the leper in Leviticus 14 / _rAdriana Destro and Mauro Pesce -- _g6. _tReciprocity - covenantal exchange as a test case / _rZeba A. Crook -- _g7. _tWealth - how Abraham became rich / _rGary Stansell -- _g8. _tProphecy - Joseph Smith and the gestalt of the Israelite prophet / _rLester L. Grabbe -- _g9. _tBarrenness - trance as a protest strategy / _rDietmar Neufeld -- _g10. _tMicah - models matter : political economy and Micah 6:9-15 / _rMarvin L. Chaney -- _g11. _tDeuteronomy - shameful encroachment on shameful parts : Deuteronomy 25:11-12 and biblical euphemism / _rJohn H. Elliott -- _g12. _tJudges - (dis)honor and ritual enactment : the Jephthah story : judges 10:16 - 12:1 / _rRichard E. DeMaris and Carolyn S. Leeb -- _g13. _t2 Samuel - David and the Ammonite War : a narrative and social-scientific interpretation of 2 Samuel 10-12 / _rPhilip F. Esler -- _g14. _tEzekiel - an altered state of consciousness experience : the call of Ezekiel : Ezekiel 1-3 / _rJohn J. Pilch -- _g15. _tNahum - ethnicity and stereotypes : anthropological insights into Nahum's literary history / _rAnselm C. Hagedorn -- _g16. _tMaccabees - symbolic wars and age sets : the anthropology of war in 1 Maccabees / _rMario I. Aguilar -- _g17. _tQumran - the prototypical teacher in the Qumran Pesharim : a social-identity approach / _rJutta Jokiranta -- _g18. _tBiblical hermeneutics - Marcion's truth and a developmental perspective / _rDouglas E. Oakman -- _g19. _tInterfaith dialogue - challenging the received view / _rBruce J. Malina -- _g20. _tPsychology - Moses and monotheism : the future of Freud's illusion / _rAndrew D. H. Mayes. |
| 630 | 0 | 0 |
_aBible. _pOld Testament _xSocial scientific criticism _vCongresses. _912171 |
| 630 | 0 | 6 |
_aBible. _pA.T. _xCritique sociale _vCongrès. _912172 |
| 650 | 0 |
_aSociology, Biblical _vCongresses. _912173 |
|
| 650 | 6 |
_aBible _xSociologie _vCongrès. _912174 |
|
| 700 | 1 |
_aEsler, Philip Francis. _912175 |
|
| 856 | 4 | 1 |
_3Table of contents _uhttp://www.loc.gov/catdir/toc/ecip0513/2005015206.html |
| 900 | _bTOC | ||
| 942 |
_2lcc _cMONOGRAPH |
||
| 948 | 1 |
_a20060309 _bc _cdc21 _dMPS |
|
| 999 |
_c121119 _d121119 |
||